[Event "Ct. Catalunya Veterans"]
[Site "Barcelona"]
[Date "2014.05.18"]
[Round "2"]
[White "Duran Vallverdu, J."]
[Black "Bautista Sanchez, J."]
[Result "0-1"]
[WhiteElo "2117"]
[BlackElo "2292"]
[PlyCount "118"]
[EventDate "2014.05.17"]
[EventType "swiss"]
[EventRounds "9"]
[EventCountry "ESP"]
[Source "Chessbase"]
[SourceDate "2014.06.06"]

1. e4 c6 2. d4 d5 3. Nc3 dxe4 4. Nxe4 Nd7 5. Nf3 Ngf6 6. Nxf6+ Nxf6 7. Bd3 Bg4
8. c3 e6 9. O-O Bd6 10. Bg5 Qc7 11. h3 Bh5 12. Re1 a5 13. Qe2 O-O 14. Bxf6 gxf6
15. g4 Bg6 16. Bxg6 hxg6 17. Qe4 Kg7 18. Kg2 Rh8 19. Re2 Rad8 20. Rae1 Qd7 21.
Qc2 Bc7 22. Rh1 Qd5 23. b3 c5 24. Qe4 cxd4 25. Qxd5 Rxd5 26. Nxd4 Be5 27. Rd1
Rc8 28. Re3 Bxd4 29. Rxd4 Rxd4 30. cxd4 Rc2 31. a4 Rd2 32. Rc3 Rxd4 33. Rc5 Rb4
34. Rxa5 Rxb3 35. h4 e5 36. f3 b6 37. Rd5 Ra3 38. Rb5 Rxa4 39. Rxb6 f5 40. gxf5
gxf5 41. Kg3 Ra3 42. Rb4 f6 43. Kf2 Kg6 44. Rb6 Ra2+ 45. Kg3 f4+ 46. Kh3 Rf2
47. Rb3 Kh5 48. Ra3 f5 49. Rb3 Rf1 50. Kg2 Re1 51. Kf2 Re3 52. Rb8 Kxh4 53. Rg8
Ra3 54. Rg7 Ra2+ 55. Kf1 e4 56. fxe4 fxe4 57. Re7 e3 58. Rg7 f3 59. Rh7+ Kg5
0-1

[Event "Ct. Catalunya Veterans"]
[Site "Barcelona"]
[Date "2014.05.18"]
[Round "2"]
[White "Nicolau Serrato, M."]
[Black "Mas Recorda, P."]
[Result "0-1"]
[WhiteElo "2064"]
[BlackElo "2201"]
[PlyCount "70"]
[EventDate "2014.05.17"]
[EventType "swiss"]
[EventRounds "9"]
[EventCountry "ESP"]
[Source "Chessbase"]
[SourceDate "2014.06.06"]

1. d4 e6 2. Nf3 f5 3. Bf4 Nf6 4. e3 d5 5. Be2 Bd6 6. Bxd6 cxd6 7. O-O O-O 8.
Nbd2 Nc6 9. c4 Kh8 10. Rc1 e5 11. cxd5 Nxd5 12. a3 e4 13. Ne1 Be6 14. Bc4 Qe7
15. Qe2 Rae8 16. Bb5 Bd7 17. Bc4 Nf6 18. g3 f4 19. exf4 d5 20. Ba2 Nxd4 21. Qe3
Nc6 22. Nc2 Qe6 23. Rfe1 Qh3 24. Nf1 Bg4 25. Nd2 d4 26. Nxd4 Nxd4 27. f3 Nxf3+
28. Nxf3 Bxf3 29. Qf2 Ng4 30. Qc2 e3 31. Re2 Nf2 32. Rxf2 exf2+ 33. Qxf2 Re2
34. Be6 Rxf2 35. Bxh3 Rxb2 0-1

[Event "Ct. Catalunya Veterans"]
[Site "Barcelona"]
[Date "2014.05.18"]
[Round "2"]
[White "Simon Padros, E."]
[Black "Bollero Romera, A."]
[Result "1-0"]
[WhiteElo "2307"]
[BlackElo "2127"]
[PlyCount "107"]
[EventDate "2014.05.17"]
[EventType "swiss"]
[EventRounds "9"]
[EventCountry "ESP"]
[Source "Chessbase"]
[SourceDate "2014.06.06"]

1. e4 e5 2. Nf3 Nc6 3. Bb5 a6 4. Ba4 Nf6 5. d3 b5 6. Bb3 d6 7. c3 Be7 8. Nbd2
O-O 9. Nf1 d5 10. Qe2 dxe4 11. dxe4 Bg4 12. h3 Bxf3 13. Qxf3 Na5 14. Bc2 Nc4
15. Ng3 Nd6 16. O-O c6 17. b3 Qc7 18. Bb2 Rfe8 19. c4 Bf8 20. c5 Nb7 21. b4 a5
22. a3 Rad8 23. Bc3 a4 24. Nf5 g6 25. Ne3 Bg7 26. g4 Qe7 27. Qg3 Bh6 28. Rad1
Bf4 29. Qf3 h5 30. Ng2 hxg4 31. hxg4 Bg5 32. Rxd8 Rxd8 33. Rd1 Ne8 34. Rxd8
Nxd8 35. Qd3 f6 36. f4 Bh6 37. f5 Bg5 38. Bb1 Kg7 39. Ba2 Nf7 40. Bd2 Bxd2 41.
Qxd2 Ng5 42. Qd3 gxf5 43. gxf5 Kh6 44. Nh4 Nf7 45. Qg3 Ng5 46. Nf3 Nxf3+ 47.
Qxf3 Qg7+ 48. Kf2 Qg5 49. Qh3+ Kg7 50. Qg3 Nc7 51. Qxg5+ fxg5 52. Kg3 Kf6 53.
Kg4 Na6 54. Be6 1-0

[Event "Ct. Catalunya Veterans"]
[Site "Barcelona"]
[Date "2014.05.18"]
[Round "2"]
[White "Tarrus Galter, N."]
[Black "Fabre Massana, M."]
[Result "0-1"]
[WhiteElo "2085"]
[BlackElo "2227"]
[PlyCount "119"]
[EventDate "2014.05.17"]
[EventType "swiss"]
[EventRounds "9"]
[EventCountry "ESP"]
[Source "Chessbase"]
[SourceDate "2014.06.06"]

1. Nf3 Nf6 2. c4 c6 3. g3 g6 4. b3 Bg7 5. Bb2 O-O 6. Bg2 d5 7. O-O Nbd7 8. d4
Ne4 9. Nbd2 Nxd2 10. Qxd2 Nf6 11. Rfd1 Ne4 12. Qe1 e6 13. Ne5 f6 14. Nd3 f5 15.
f3 Nf6 16. Ne5 Nd7 17. f4 Nxe5 18. dxe5 Bd7 19. Rac1 a5 20. Qf2 Qe7 21. Bd4 Qf7
22. Bc5 Rfc8 23. Bd6 Be8 24. Rc2 h6 25. Rdc1 Qd7 26. Qc5 dxc4 27. Qxc4 Kh7 28.
e4 Bf7 29. Rd1 Qe8 30. Rcd2 g5 31. exf5 exf5 32. Qc2 Be6 33. fxg5 hxg5 34. Rf2
Kg8 35. Bf1 Bh6 36. Bd3 f4 37. gxf4 gxf4 38. Rg2+ Bg7 39. Bg6 Bf7 40. Rg4 Bxg6
41. Rxg6 b5 42. e6 Ra7 43. Be5 Rd8 44. Rf1 Rd2 45. Qf5 Rd5 46. Rg2 Qe7 47. Qxf4
Qc5+ 48. Kh1 Rxe5 49. Rfg1 Qd5 50. Rf1 Qxe6 51. Rfg1 Rf7 52. Qd2 Qd5 53. Qc2
Rg5 54. h4 Rxg2 55. Rxg2 Rf1+ 56. Kh2 Qe5+ 57. Rg3 Rf3 58. Qg2 Rxg3 59. Qxg3
Qxg3+ 60. Kxg3 0-1

[Event "Ct. Catalunya Veterans"]
[Site "Barcelona"]
[Date "2014.05.18"]
[Round "2"]
[White "Tejero Royo, F."]
[Black "Colom Andres, FX."]
[Result "1/2-1/2"]
[WhiteElo "2200"]
[BlackElo "2052"]
[PlyCount "58"]
[EventDate "2014.05.17"]
[EventType "swiss"]
[EventRounds "9"]
[EventCountry "ESP"]
[Source "Chessbase"]
[SourceDate "2014.06.06"]

1. c4 c5 2. Nf3 Nc6 3. Nc3 g6 4. e3 Bg7 5. d4 cxd4 6. exd4 a6 7. Be2 e6 8. d5
exd5 9. Nxd5 Nge7 10. O-O O-O 11. Bf4 Nxd5 12. cxd5 Ne7 13. Qb3 Nf5 14. Rfe1 d6
15. Rad1 h5 16. Bg5 Bf6 17. Bxf6 Qxf6 18. a4 a5 19. Qb6 Qd8 20. Qb3 b6 21. Nd4
Nxd4 22. Rxd4 Re8 23. Qc3 Bd7 24. b3 Rc8 25. Bc4 Qf6 26. Rc1 Re7 27. Rf1 Re2
28. Qa1 Rce8 29. Rdd1 Qxa1 1/2-1/2

[Event "Ct. Catalunya Veterans"]
[Site "Barcelona"]
[Date "2014.05.18"]
[Round "2"]
[White "Ylla Soro, R."]
[Black "Fernandez Perez, J."]
[Result "0-1"]
[WhiteElo "1727"]
[BlackElo "2155"]
[PlyCount "102"]
[EventDate "2014.05.17"]
[EventType "swiss"]
[EventRounds "9"]
[EventCountry "ESP"]
[Source "Chessbase"]
[SourceDate "2014.06.06"]

1. e4 e6 2. Nc3 d5 3. d4 Nf6 4. exd5 exd5 5. Bd3 c6 6. Nf3 Bg4 7. Bg5 Bd6 8.
Qe2+ Be7 9. h3 Bxf3 10. Qxf3 Nbd7 11. O-O O-O 12. a3 Re8 13. Rfe1 Qb6 14. Ne2
Bd6 15. c3 a5 16. b4 Ne4 17. Bf4 Qc7 18. Bxd6 Qxd6 19. Bxe4 dxe4 20. Qg3 Qxg3
21. Nxg3 Nf6 22. Nf5 Re6 23. c4 g6 24. Ne3 Rd6 25. Red1 axb4 26. axb4 Rxa1 27.
Rxa1 Rxd4 28. Ra8+ Kg7 29. Rb8 Rd7 30. Kf1 Nh5 31. g3 f5 32. Nc2 Nf6 33. Ke2
Kf7 34. Ne3 Ke6 35. Nc2 Ke5 36. Ne3 g5 37. f3 f4 38. gxf4+ gxf4 39. Nf1 e3 40.
Nxe3 fxe3 41. Kxe3 Kf5 42. Rf8 Kg6 43. Rb8 Rf7 44. Rd8 Nd7 45. Rg8+ Rg7 46. Re8
Kf6 47. Re4 Re7 48. Kd4 Rxe4+ 49. fxe4 Ke6 50. c5 Kf6 51. h4 h5 0-1

[Event "Ct. Catalunya Veterans"]
[Site "Barcelona"]
[Date "2014.05.19"]
[Round "3"]
[White "Anguera Maestro, J."]
[Black "Vallbona Domingo, J."]
[Result "1-0"]
[WhiteElo "2263"]
[BlackElo "2122"]
[PlyCount "81"]
[EventDate "2014.05.17"]
[EventType "swiss"]
[EventRounds "9"]
[EventCountry "ESP"]
[Source "Chessbase"]
[SourceDate "2014.06.06"]

1. d4 Nf6 2. c4 c5 3. e3 g6 4. Nc3 Bg7 5. d5 O-O 6. e4 d6 7. Be2 e6 8. Nf3 exd5
9. exd5 Re8 10. O-O Ne4 11. Nxe4 Rxe4 12. Bd3 Re8 13. h3 Nd7 14. Bf4 Ne5 15.
Nxe5 Bxe5 16. Bxe5 Rxe5 17. f4 Re8 18. f5 Qg5 19. fxg6 hxg6 20. Qf3 Qe3+ 21.
Kh1 Qxf3 22. Rxf3 Kg7 23. g4 Re7 24. Raf1 a5 25. Kg2 Bd7 26. g5 Rd8 27. Rf6 Bc8
28. R1f3 Bd7 29. Kf2 Be8 30. h4 Re5 31. Re3 Rxe3 32. Kxe3 Kf8 33. Bxg6 Kg7 34.
Bd3 Rd7 35. h5 Re7+ 36. Kf4 Rd7 37. h6+ Kg8 38. g6 fxg6 39. Bxg6 Bxg6 40. Rxg6+
Kf8 41. Kf5 1-0

[Event "Ct. Catalunya Veterans"]
[Site "Barcelona"]
[Date "2014.05.19"]
[Round "3"]
[White "Basas Gamazo, J."]
[Black "Tejero Royo, F."]
[Result "1/2-1/2"]
[WhiteElo "2083"]
[BlackElo "2200"]
[PlyCount "31"]
[EventDate "2014.05.17"]
[EventType "swiss"]
[EventRounds "9"]
[EventCountry "ESP"]
[Source "Chessbase"]
[SourceDate "2014.06.06"]

1. e4 e5 2. Nf3 Nc6 3. Bb5 a6 4. Bxc6 dxc6 5. O-O Bg4 6. h3 h5 7. d3 Bxf3 8.
Qxf3 Bd6 9. Nd2 g5 10. Nc4 Qe7 11. Qf5 f6 12. h4 gxh4 13. f4 Nh6 14. Qxh5+ Nf7
15. Qf5 Nh6 16. Qh5+ 1/2-1/2

[Event "Ct. Catalunya Veterans"]
[Site "Barcelona"]
[Date "2014.05.19"]
[Round "3"]
[White "Bautista Sanchez, J."]
[Black "Coll Sola, J."]
[Result "1-0"]
[WhiteElo "2292"]
[BlackElo "2191"]
[PlyCount "93"]
[EventDate "2014.05.17"]
[EventType "swiss"]
[EventRounds "9"]
[EventCountry "ESP"]
[Source "Chessbase"]
[SourceDate "2014.06.06"]

1. Nf3 c5 2. c4 Nf6 3. Nc3 Nc6 4. d4 cxd4 5. Nxd4 g6 6. Nc2 Bg7 7. e4 O-O 8.
Be2 d6 9. O-O Nd7 10. Be3 Nc5 11. Nd4 Bd7 12. Qd2 Nxd4 13. Bxd4 Bc6 14. Bxg7
Kxg7 15. Qd4+ e5 16. Qe3 Ne6 17. Rad1 Qe7 18. Rd2 Nd4 19. f4 f5 20. Bf3 Rae8
21. fxe5 dxe5 22. Nd5 Qc5 23. b3 Bxd5 24. exd5 Nxb3 25. Qxc5 Nxc5 26. d6 e4 27.
Rd5 b6 28. Be2 Kf6 29. g4 Ke6 30. gxf5+ gxf5 31. d7 Nxd7 32. Rfd1 Nc5 33. Kf2
Kf6 34. Ke3 Re5 35. Rd6+ Re6 36. R6d5 Re5 37. R5d2 Ne6 38. Rd7 f4+ 39. Kf2 Ra5
40. Bg4 Rxa2+ 41. Kf1 Rxh2 42. R1d6 Re8 43. Rd5 Rh4 44. Bf5 Rh6 45. Bxe4 Re7
46. Rf5+ Kg6 47. Rxe7 1-0

[Event "Ct. Catalunya Veterans"]
[Site "Barcelona"]
[Date "2014.05.19"]
[Round "3"]
[White "Bollero Romera, A."]
[Black "Tolda Andreu, E."]
[Result "0-1"]
[WhiteElo "2127"]
[BlackElo "2069"]
[PlyCount "152"]
[EventDate "2014.05.17"]
[EventType "swiss"]
[EventRounds "9"]
[EventCountry "ESP"]
[Source "Chessbase"]
[SourceDate "2014.06.06"]

1. Nf3 c5 2. b3 Nc6 3. Bb2 Nf6 4. c4 g6 5. e3 Bg7 6. Be2 O-O 7. O-O d6 8. a3 b6
9. Nc3 d5 10. cxd5 Nxd5 11. Qc2 Bf5 12. d3 Nf6 13. Rfd1 a6 14. Ne4 Bxe4 15.
dxe4 Qc7 16. b4 cxb4 17. Rac1 Rac8 18. axb4 Qb7 19. Qb3 Nxe4 20. Bxg7 Kxg7 21.
b5 axb5 22. Bxb5 Nd6 23. Qb2+ Kg8 24. Be2 Na5 25. Qb4 Rxc1 26. Rxc1 Rc8 27. Rb1
Nac4 28. h3 Qd5 29. Nd4 Qa5 30. Bxc4 Qxb4 31. Bxf7+ Kxf7 32. Rxb4 Rb8 33. Nc6
Ra8 34. Rxb6 Ra1+ 35. Kh2 Ra2 36. Ne5+ Ke6 37. Nd3 Rd2 38. Nf4+ Kf5 39. g4+ Kf6
40. Kg3 Ke5 41. Kf3 g5 42. Ne2 Ra2 43. Ng3 Ra8 44. Rb4 h6 45. Kg2 Ra2 46. Rb8
Nc4 47. Rb5+ Ke6 48. Nf5 Kf6 49. Rb3 h5 50. Ng3 hxg4 51. hxg4 Kg6 52. Rc3 Nd6
53. Rc5 Rb2 54. Kf3 Ra2 55. Rc6 Kf7 56. Rc5 Kf6 57. Nh5+ Kg6 58. Re5 Ra7 59.
Re6+ Kf7 60. Rh6 Ra2 61. Rh7+ Kf8 62. Ng3 Nf7 63. Ne4 Ra4 64. Nc5 Ne5+ 65. Kg2
Rxg4+ 66. Kh3 Rg1 67. Ne6+ Ke8 68. Rg7 g4+ 69. Kh4 Rh1+ 70. Kg3 Rg1+ 71. Kh4
Rg2 72. Nc7+ Kd7 73. Nd5 Rxf2 74. Nxe7 Ke6 75. Nc8 Rf3 76. e4 Kf6 0-1

[Event "Ct. Catalunya Veterans"]
[Site "Barcelona"]
[Date "2014.05.19"]
[Round "3"]
[White "Colom Andres, FX."]
[Black "Bonell Mitjans, A."]
[Result "0-1"]
[WhiteElo "2052"]
[BlackElo "2216"]
[PlyCount "74"]
[EventDate "2014.05.17"]
[EventType "swiss"]
[EventRounds "9"]
[EventCountry "ESP"]
[Source "Chessbase"]
[SourceDate "2014.06.06"]

1. Nf3 d5 2. c4 c6 3. b3 Nf6 4. e3 Bg4 5. h3 Bh5 6. Be2 e6 7. Bb2 Nbd7 8. O-O
Qc7 9. d3 Bg6 10. Nh4 Be7 11. Nd2 O-O 12. Nxg6 hxg6 13. Qc2 Rad8 14. Rac1 Rc8
15. Rfe1 dxc4 16. bxc4 e5 17. d4 exd4 18. exd4 Bb4 19. Bf3 Qf4 20. Bc3 Bxc3 21.
Qxc3 Rfe8 22. Re3 Rxe3 23. Qxe3 Qc7 24. Rb1 Re8 25. Qb3 b6 26. a4 c5 27. d5 Qf4
28. Rd1 Ne5 29. Qe3 Qxe3 30. fxe3 Nxf3+ 31. gxf3 Rxe3 32. a5 Nd7 33. axb6 axb6
34. Kf2 Rd3 35. Ke2 Rd4 36. Ke3 Ne5 37. f4 Nxc4+ 0-1

[Event "Ct. Catalunya Veterans"]
[Site "Barcelona"]
[Date "2014.05.19"]
[Round "3"]
[White "Fabre Massana, M."]
[Black "Simon Padros, E."]
[Result "0-1"]
[WhiteElo "2227"]
[BlackElo "2307"]
[PlyCount "54"]
[EventDate "2014.05.17"]
[EventType "swiss"]
[EventRounds "9"]
[EventCountry "ESP"]
[Source "Chessbase"]
[SourceDate "2014.06.06"]

1. e4 e6 2. d4 d5 3. exd5 exd5 4. Bd3 Nc6 5. Nf3 Bg4 6. Be3 Bd6 7. h3 Bh5 8.
Nc3 Nge7 9. a3 a6 10. g4 Bg6 11. Qd2 b5 12. b4 Nb8 13. Ne5 Bxd3 14. Nxd3 Nd7
15. Bf4 Nb6 16. Qe2 O-O 17. O-O Nc6 18. Be3 Qf6 19. g5 Qf5 20. Qg4 Ne7 21. Ne2
Nc4 22. Bf4 Bxf4 23. Qxf4 Qxf4 24. Ndxf4 c6 25. Rad1 Rfe8 26. c3 f6 27. gxf6 g5
0-1

[Event "Ct. Catalunya Veterans"]
[Site "Barcelona"]
[Date "2014.05.19"]
[Round "3"]
[White "Fernandez Perez, J."]
[Black "Buxade Roca, G."]
[Result "1/2-1/2"]
[WhiteElo "2155"]
[BlackElo "2231"]
[PlyCount "53"]
[EventDate "2014.05.17"]
[EventType "swiss"]
[EventRounds "9"]
[EventCountry "ESP"]
[Source "Chessbase"]
[SourceDate "2014.06.06"]

1. e4 c5 2. Nf3 Nc6 3. d4 cxd4 4. Nxd4 Nf6 5. Nc3 e5 6. Ndb5 d6 7. Nd5 Nxd5 8.
exd5 Nb8 9. c4 a6 10. Nc3 Be7 11. a4 b6 12. Be3 O-O 13. Bd3 f5 14. f4 Nd7 15.
O-O e4 16. Be2 Nf6 17. Qd2 Rb8 18. Bd4 Qe8 19. Qe3 Nd7 20. b4 Bf6 21. Bxf6 Rxf6
22. g4 Rf8 23. g5 Bb7 24. Rad1 Qd8 25. h4 Re8 26. Kf2 Nf8 27. a5 1/2-1/2

[Event "Ct. Catalunya Veterans"]
[Site "Barcelona"]
[Date "2014.05.19"]
[Round "3"]
[White "Franquet Escriva, J."]
[Black "Clotet Torrelles, R."]
[Result "1/2-1/2"]
[WhiteElo "2193"]
[BlackElo "2105"]
[PlyCount "64"]
[EventDate "2014.05.17"]
[EventType "swiss"]
[EventRounds "9"]
[EventCountry "ESP"]
[Source "Chessbase"]
[SourceDate "2014.06.06"]

1. e4 c6 2. Nc3 d5 3. Nf3 dxe4 4. Nxe4 Bg4 5. h3 Bh5 6. Ng3 Bg6 7. d4 e6 8. Bd3
Bd6 9. Bxg6 hxg6 10. Ne4 Be7 11. c3 Qd5 12. Qe2 Nd7 13. Bf4 Ngf6 14. Nxf6+ gxf6
15. Bd2 Nb6 16. Rg1 Nc4 17. Be3 O-O-O 18. b3 Nxe3 19. Qxe3 Ba3 20. Kf1 Qa5 21.
Rb1 Qf5 22. Ke2 Bd6 23. Rgd1 Bf4 24. Qd3 Qa5 25. Qc2 e5 26. dxe5 Bxe5 27. Nxe5
Qxe5+ 28. Kf1 Qh2 29. Rxd8+ Rxd8 30. f3 Qh1+ 31. Kf2 Rd2+ 32. Qxd2 Qxb1 1/2-1/2

[Event "Ct. Catalunya Veterans"]
[Site "Barcelona"]
[Date "2014.05.19"]
[Round "3"]
[White "Mas Recorda, P."]
[Black "Coll Enriquez, L."]
[Result "0-1"]
[WhiteElo "2201"]
[BlackElo "2288"]
[PlyCount "94"]
[EventDate "2014.05.17"]
[EventType "swiss"]
[EventRounds "9"]
[EventCountry "ESP"]
[Source "Chessbase"]
[SourceDate "2014.06.06"]

1. d4 Nf6 2. c4 e6 3. Nc3 Bb4 4. Qc2 b6 5. e4 c5 6. a3 Bxc3+ 7. bxc3 Bb7 8. Bd3
d6 9. Ne2 e5 10. d5 O-O 11. O-O Nbd7 12. f4 h6 13. Ng3 exf4 14. Bxf4 Ne5 15.
Bxe5 dxe5 16. Qe2 Ne8 17. Nf5 Bc8 18. Qe3 Bxf5 19. Rxf5 f6 20. a4 Nd6 21. Rf2
Qd7 22. h3 Nb7 23. Qg3 Na5 24. Qg6 Qe8 25. Qxe8 Raxe8 26. Raf1 Nb7 27. Ra1 g6
28. g4 Kg7 29. Kh2 Rh8 30. Kg3 h5 31. Rh2 Rh6 32. Rah1 Reh8 33. h4 hxg4 34.
Kxg4 Nd6 35. a5 f5+ 36. exf5 e4 37. f6+ Kxf6 38. Be2 Ke5 39. axb6 axb6 40. Ra1
Nf5 41. Kg5 Rxh4 42. Rxh4 Rxh4 43. Ra6 Rh2 44. Rxb6 Rg2+ 45. Bg4 Nd6 46. Rc6
Nxc4 47. Rxc5 Ne3 0-1

[Event "Ct. Catalunya Veterans"]
[Site "Barcelona"]
[Date "2014.05.19"]
[Round "3"]
[White "Mengual Jerez, A."]
[Black "Sanz Bastos, F."]
[Result "0-1"]
[WhiteElo "1973"]
[BlackElo "2152"]
[PlyCount "28"]
[EventDate "2014.05.17"]
[EventType "swiss"]
[EventRounds "9"]
[EventCountry "ESP"]
[Source "Chessbase"]
[SourceDate "2014.06.06"]

1. d4 f5 2. Nf3 Nf6 3. c4 e6 4. Nc3 Bb4 5. g3 b6 6. Bg5 Bb7 7. Bg2 O-O 8. O-O
Bxc3 9. bxc3 d6 10. Qb3 Qe8 11. Bxf6 Rxf6 12. c5 dxc5 13. dxc5 Nd7 14. cxb6
axb6 0-1

[Event "Ct. Catalunya Veterans"]
[Site "Barcelona"]
[Date "2014.05.20"]
[Round "4"]
[White "Basas Gamazo, J."]
[Black "Mas Recorda, P."]
[Result "1/2-1/2"]
[WhiteElo "2083"]
[BlackElo "2201"]
[PlyCount "98"]
[EventDate "2014.05.17"]
[EventType "swiss"]
[EventRounds "9"]
[EventCountry "ESP"]
[Source "Chessbase"]
[SourceDate "2014.06.06"]

1. e4 e6 2. d4 d5 3. Nd2 c5 4. exd5 Qxd5 5. Ngf3 cxd4 6. Bc4 Qd6 7. O-O Nf6 8.
Nb3 Nc6 9. Nbxd4 Nxd4 10. Nxd4 a6 11. c3 Qc7 12. Qe2 Bd6 13. h3 O-O 14. Bd3 Bf4
15. Bxf4 Qxf4 16. Rad1 e5 17. Nb3 Bd7 18. Rfe1 Rfe8 19. Qe3 Ba4 20. Be4 Qxe4
21. Qxe4 Nxe4 22. Rxe4 Bxb3 23. axb3 f5 24. Rc4 Re7 25. Rd6 Kf7 26. Kf1 g6 27.
Ke2 Rae8 28. Rb4 Rc7 29. Rbb6 Ree7 30. h4 Rcd7 31. Rf6+ Kg7 32. h5 Rf7 33. Rfe6
Rfe7 34. Rxe7+ Rxe7 35. hxg6 hxg6 36. b4 Kh6 37. b5 axb5 38. Rxb5 Kh5 39. Rd5
Kg4 40. c4 g5 41. c5 e4 42. b4 f4 43. g3 fxg3 44. fxg3 e3 45. b5 Kxg3 46. Rxg5+
Kf4 47. Rh5 Ke4 48. c6 bxc6 49. bxc6 Kd4 1/2-1/2

[Event "Ct. Catalunya Veterans"]
[Site "Barcelona"]
[Date "2014.05.20"]
[Round "4"]
[White "Bonell Mitjans, A."]
[Black "Fernandez Perez, J."]
[Result "1/2-1/2"]
[WhiteElo "2216"]
[BlackElo "2155"]
[PlyCount "23"]
[EventDate "2014.05.17"]
[EventType "swiss"]
[EventRounds "9"]
[EventCountry "ESP"]
[Source "Chessbase"]
[SourceDate "2014.06.06"]

1. e4 e6 2. d4 d5 3. e5 c5 4. c3 Nc6 5. Nf3 Qb6 6. Be2 cxd4 7. cxd4 f6 8. exf6
Nxf6 9. Nc3 a6 10. a3 Bd6 11. O-O O-O 12. b4 1/2-1/2

[Event "Ct. Catalunya Veterans"]
[Site "Barcelona"]
[Date "2014.05.20"]
[Round "4"]
[White "Buxade Roca, G."]
[Black "Tolda Andreu, E."]
[Result "1-0"]
[WhiteElo "2231"]
[BlackElo "2069"]
[PlyCount "103"]
[EventDate "2014.05.17"]
[EventType "swiss"]
[EventRounds "9"]
[EventCountry "ESP"]
[Source "Chessbase"]
[SourceDate "2014.06.06"]

1. e4 c5 2. Nc3 Nc6 3. g3 g6 4. Bg2 Bg7 5. d3 Nf6 6. Be3 d6 7. h3 O-O 8. Qd2
Re8 9. f4 e5 10. Nge2 Nd4 11. O-O b5 12. Bxd4 cxd4 13. Nxb5 Qb6 14. a4 Rb8 15.
b3 a6 16. Na3 Bb7 17. Nc4 Qc5 18. Kh2 Rec8 19. Rf2 Nh5 20. Raf1 Bh6 21. Qd1
exf4 22. gxf4 f5 23. exf5 Bxg2 24. Rxg2 Rf8 25. fxg6 hxg6 26. Rxg6+ Kh7 27. Rg4
Rbe8 28. Rf2 d5 29. Nd2 Qc7 30. Rh4 Re5 31. Qf1 Ref5 32. Nf3 Nxf4 33. Nxf4 Rxf4
34. Ng5+ Kg6 35. Rhxf4 Rxf4 36. Rxf4 Bxg5 37. Kg3 Bxf4+ 38. Qxf4 Qxc2 39. Qd6+
Kg7 40. Qxa6 Qc7+ 41. Kg4 Qd7+ 42. Kg5 Qe7+ 43. Kf5 Qe3 44. Qb7+ Kh8 45. Qc8+
Kg7 46. Qd7+ Kh8 47. Qd8+ Kh7 48. Qxd5 Qxh3+ 49. Ke5 Qe3+ 50. Qe4+ Kg7 51. b4
Qg3+ 52. Kxd4 1-0

[Event "Ct. Catalunya Veterans"]
[Site "Barcelona"]
[Date "2014.05.20"]
[Round "4"]
[White "Clotet Torrelles, R."]
[Black "Fabre Massana, M."]
[Result "1/2-1/2"]
[WhiteElo "2105"]
[BlackElo "2227"]
[PlyCount "39"]
[EventDate "2014.05.17"]
[EventType "swiss"]
[EventRounds "9"]
[EventCountry "ESP"]
[Source "Chessbase"]
[SourceDate "2014.06.06"]

1. d4 c5 2. d5 d6 3. c4 g6 4. Nc3 Bg7 5. e4 Nf6 6. h3 O-O 7. Be2 e5 8. Be3 a6
9. Nf3 Nbd7 10. g4 Rb8 11. a4 b6 12. Nd2 Ne8 13. h4 h6 14. Nf1 Nc7 15. Qd2 Kh7
16. h5 g5 17. Ng3 Nf6 18. f3 Ng8 19. Kf2 f6 20. Rag1 1/2-1/2

[Event "Ct. Catalunya Veterans"]
[Site "Barcelona"]
[Date "2014.05.20"]
[Round "4"]
[White "Coll Enriquez, L."]
[Black "Anguera Maestro, J."]
[Result "1/2-1/2"]
[WhiteElo "2288"]
[BlackElo "2263"]
[PlyCount "50"]
[EventDate "2014.05.17"]
[EventType "swiss"]
[EventRounds "9"]
[EventCountry "ESP"]
[Source "Chessbase"]
[SourceDate "2014.06.06"]

1. e4 e5 2. Nf3 Nc6 3. Bb5 a6 4. Ba4 d6 5. c3 Bd7 6. O-O g6 7. d4 Bg7 8. Bg5
Nge7 9. h3 h6 10. Be3 O-O 11. d5 Nb8 12. Nh2 g5 13. Bc2 Ng6 14. Nd2 Bc8 15. b4
Nd7 16. a4 Nf4 17. Re1 Nf6 18. Ndf1 N6h5 19. Ng3 Nf6 20. Rc1 b6 21. Bd3 a5 22.
Bb5 Ng6 23. Bc6 Ra7 24. Ng4 Nh7 25. Nf5 Ne7 1/2-1/2

[Event "Ct. Catalunya Veterans"]
[Site "Barcelona"]
[Date "2014.05.20"]
[Round "4"]
[White "Coll Sola, J."]
[Black "Marimon Torrens, J."]
[Result "1-0"]
[WhiteElo "2191"]
[BlackElo "2030"]
[PlyCount "69"]
[EventDate "2014.05.17"]
[EventType "swiss"]
[EventRounds "9"]
[EventCountry "ESP"]
[Source "Chessbase"]
[SourceDate "2014.06.06"]

1. e4 d5 2. exd5 Qxd5 3. Nf3 Nf6 4. Be2 e5 5. Nc3 Qa5 6. O-O Bd6 7. d3 c6 8.
Bg5 Nbd7 9. Nd2 Qc7 10. Nc4 Be7 11. Bf3 O-O 12. Re1 b5 13. Nd2 Bb7 14. Qe2 Rfe8
15. Bh4 Nd5 16. Bxd5 cxd5 17. Nxb5 Qb6 18. Bxe7 Rxe7 19. a4 a6 20. Na3 Qxb2 21.
Qf1 Nc5 22. Nf3 Nxa4 23. c4 Rae8 24. Reb1 Qc3 25. Rc1 Qb4 26. Rcb1 Qd6 27. Nc2
Nc5 28. Ne3 g6 29. Ra5 d4 30. Nd5 Bxd5 31. cxd5 Qxd5 32. Rc1 Rc7 33. Nd2 Qd6
34. Rcxc5 Rxc5 35. Ne4 1-0

[Event "Ct. Catalunya Veterans"]
[Site "Barcelona"]
[Date "2014.05.20"]
[Round "4"]
[White "Sanz Bastos, F."]
[Black "Borras Julian, T."]
[Result "1-0"]
[WhiteElo "2152"]
[BlackElo "2024"]
[PlyCount "99"]
[EventDate "2014.05.17"]
[EventType "swiss"]
[EventRounds "9"]
[EventCountry "ESP"]
[Source "Chessbase"]
[SourceDate "2014.06.06"]

1. e4 d6 2. Nc3 g6 3. g3 Bg7 4. d3 c5 5. Bg2 Nc6 6. Be3 Rb8 7. Qd2 b5 8. Nf3 b4
9. Nd1 a5 10. O-O Nd4 11. Ne1 h5 12. h3 Bh6 13. c3 bxc3 14. bxc3 Nc6 15. Bxh6
Nxh6 16. Ne3 Ba6 17. f4 O-O 18. Rf2 Kg7 19. f5 Ne5 20. Nd5 e6 21. f6+ Kh7 22.
Ne7 Ng8 23. d4 Nc4 24. Qg5 Qc7 25. g4 Rbe8 26. gxh5 Nxe7 27. fxe7 Qxe7 28.
hxg6+ Kg7 29. Qxe7 Rxe7 30. Rxf7+ Rexf7 31. gxf7 Rxf7 32. Nc2 Kh6 33. Rf1 Rxf1+
34. Bxf1 Kg5 35. e5 d5 36. dxc5 Kf4 37. c6 Kxe5 38. h4 Kf4 39. c7 e5 40. Bh3
Nd6 41. Kf2 Bc8 42. Bxc8 Nxc8 43. Ne3 d4 44. Ng2+ Ke4 45. cxd4 exd4 46. h5 Kf5
47. Ke2 Kg5 48. Nf4 Nd6 49. Kd3 Kh6 50. a4 1-0

[Event "Ct. Catalunya Veterans"]
[Site "Barcelona"]
[Date "2014.05.20"]
[Round "4"]
[White "Simon Padros, E."]
[Black "Bautista Sanchez, J."]
[Result "0-1"]
[WhiteElo "2307"]
[BlackElo "2292"]
[PlyCount "56"]
[EventDate "2014.05.17"]
[EventType "swiss"]
[EventRounds "9"]
[EventCountry "ESP"]
[Source "Chessbase"]
[SourceDate "2014.06.06"]

1. e4 c6 2. d4 d5 3. e5 c5 4. dxc5 e6 5. Qg4 h5 6. Qg3 h4 7. Qc3 Qc7 8. Be3 Nh6
9. b4 Nf5 10. Nf3 a5 11. a3 Nxe3 12. fxe3 axb4 13. axb4 Rxa1 14. Qxa1 b6 15.
Bb5+ Bd7 16. Bxd7+ Nxd7 17. Qa8+ Qb8 18. Qxb8+ Nxb8 19. cxb6 Bxb4+ 20. Ke2 Nd7
21. Nbd2 Bxd2 22. Nxd2 Nxb6 23. Rb1 Nd7 24. Rb7 Rh5 25. Nf3 Nxe5 26. Nd4 Kf8
27. Nf3 Nxf3 28. gxf3 Rg5 0-1